00567nam a22001697a 4500003000400000008004100004082001700045100002900062245015700091260006800248300000900316502001700325650001700342650001600359650001100375650001100386OSt260430b |||||||| |||| 00| 0 eng d a635.35bM87E aMunda, Bidya Dhar Singh. aEffect of Soil Application of Boron and Molybdenum on Growth and Yield of Cauliflower (Brassica oleracea Var. botrytis L.) / cby Bidya Dhar Singh Munda a.- Sabour, Bhagalpurb: Bihar Agricultural College, RAUc, 2001 a95p. bPh. D.d2001 aHorticulture aCauliflower aThesis aPh. D.